• 首页
  • 本馆介绍
  • 公告通知
  • 最新文献
  • 馆藏检索
  • 电子资源
  • 读者导购
  • 参考咨询
  • 我的图书馆
  • 登录
  • 详细信息显示
  • 放入我的书架
  • 预约/预借图书
  • 作者相关作品
  • 分类相关作品
  • 丛书相关作品
  • 出版社相关作品

书目信息

  • 表格格式
  • 工作单格式
  • 卡片格式
题名:
后汉演义
    
 
作者: 蔡东藩 著
分册: 上册  
出版信息: 上海   上海文化出版社  1979
页数: 451页
开本: 19cm
丛书名:
单 册:
中图分类: I246.43 , I242.4
科图分类:
主题词: 讲史小说--中国--现代 , 章回小说--中国--现代 , 长篇小说--中国--现代
电子资源:
ISBN:
000 00740nam0 2200289 45
001 0179003515
005 20060913170912.17
010    @dCNY1.30
091    @a10077.3003
100    @a19950719d1979 em y0chiy0121 ea
101 0  @achi
102    @aCN@b310000
105    @ay z 000ay
106    @ar
200 10 @a后汉演义@Ahou han yan yi@h上册@f蔡东藩著
205    @a新1版
210    @a上海@c上海文化出版社@d1979
215    @a451页@d19cm
300    @a中国历代通俗演义
606    @a讲史小说@y中国@z现代
606    @a章回小说@y中国@z现代
606    @a长篇小说@y中国@z现代
690    @aI246.43@v3
690    @aI242.4
701  0 @a蔡东藩@Acai dong fan@4著
801  0 @aCN@bNLC@c20060913
905    @f2@b31074-075@dI242.4@e16:1
    
    后汉演义.上册/蔡东藩著.-新1版.-上海:上海文化出版社,1979
    451页;19cm
    中国历代通俗演义
    
    ISBN :CNY1.30
    
●
相关链接 在E读中查询图书 在五车中查询图书 在当当中查询图书 在豆瓣中查询图书


正题名:后汉演义     索取号:I242.4/16:1         预约/预借

序号 登录号 条形码 馆藏地/架位号 状态 备注
1 0031074   001920407   密集书库/ [索取号:I242.4/16:1] 在馆    
2 0031075   001920443   密集书库/ [索取号:I242.4/16:1] 在馆    
唐山师范学院图书馆 欢迎您!
大连网信软件有限公司© 版权所有